[Event "Scarborough CC Falling Leaves"]
[Site "Toronto CAN"]
[Date "2017.11.30"]
[Round "5.7"]
[White "Sivapathasundaram, Manojh"]
[Black "Ghazarian, Tigran"]
[Result "1-0"]
[WhiteElo "1848"]
[BlackElo "1834"]
[WhiteFideId "-1"]
[WhiteFideId "-1"]
[PlyCount "69"]
[GameId "2160767908317402"]
[EventDate "2017.11.02"]
[EventType "swiss"]
[EventRounds "7"]
[EventCountry "CAN"]
[SourceTitle "hb 2017"]

1. d4 Nf6 2. c4 g6 3. f3 c5 4. d5 d6 5. e4 Bg7 6. Nc3 Nbd7 7. Be3 O-O 8. Qd2 Qa5 9. g4 Re8 10. h4 a6 11. h5 Rb8 12. Bh6 Bh8 13. hxg6 hxg6 14. Nd1 Qxd2+ 15. Kxd2 b5 16. Ne3 Ne5 17. Rb1 e6 18. Bg5 exd5 19. Rxh8+ Kxh8 20. Bxf6+ Kg8 21. Bxe5 Rxe5 22. cxd5 Bd7 23. Bd3 g5 24. Ne2 Rbe8 25. Ng3 Kf8 26. Ngf5 Bxf5 27. Nxf5 Rd8 28. Rh1 Kg8 29. Rh6 Rd7 30. Rh5 f6 31. Rh6 Kf7 32. Rh7+ Ke8 33. Rh8+ Kf7 34. Ra8 Re8 35. Rxa6 1-0

[Event "Scarborough CC Falling Leaves"]
[Site "Toronto CAN"]
[Date "2017.12.07"]
[Round "6.1"]
[White "Southam, David"]
[Black "Lei, Sean"]
[Result "1/2-1/2"]
[WhiteElo "2201"]
[BlackElo "2111"]
[WhiteFideId "-1"]
[WhiteFideId "-1"]
[PlyCount "69"]
[GameId "2160767908317403"]
[EventDate "2017.11.02"]
[EventType "swiss"]
[EventRounds "7"]
[EventCountry "CAN"]
[SourceTitle "hb 2017"]

1. d4 Nf6 2. c4 c5 3. d5 b5 4. cxb5 a6 5. bxa6 g6 6. Nc3 Bxa6 7. e4 Bxf1 8. Kxf1 d6 9. Nge2 Bg7 10. h3 O-O 11. Kg1 Nbd7 12. Kh2 Qa5 13. Qc2 Rfb8 14. Rd1 Nb6 15. Rb1 Ne8 16. b3 Nc7 17. Bg5 Kf8 18. a4 Na6 19. Qd2 c4 20. Nd4 cxb3 21. Bxe7+ Kg8 22. Nc6 Qxc3 23. Qxc3 Bxc3 24. Rxb3 Be5+ 25. g3 Nc5 26. Rb5 Rb7 27. f4 Bg7 28. Rdb1 Ncxa4 29. Bxd6 Rd7 30. e5 Bf8 31. Bxf8 Kxf8 32. d6 Nc3 33. Rxb6 Nxb1 34. Rxb1 f6 35. Rb2 1/2-1/2

[Event "Scarborough CC Falling Leaves"]
[Site "Toronto CAN"]
[Date "2017.12.07"]
[Round "6.2"]
[White "Yie, Kevin"]
[Black "Picana, Andrew"]
[Result "1/2-1/2"]
[WhiteElo "2070"]
[BlackElo "2089"]
[WhiteFideId "-1"]
[WhiteFideId "-1"]
[PlyCount "85"]
[GameId "2160767908317404"]
[EventDate "2017.11.02"]
[EventType "swiss"]
[EventRounds "7"]
[EventCountry "CAN"]
[SourceTitle "EXT 2022"]
[Source "ChessBase"]
[SourceDate "2021.10.06"]
[SourceVersion "1"]
[SourceVersionDate "2021.10.06"]
[SourceQuality "1"]

1. d4 Nf6 2. Nf3 g6 3. c4 c5 4. e3 Bg7 5. Nc3 b6 6. Be2 Bb7 7. b3 O-O 8. Bb2 cxd4 9. exd4 d5 10. O-O Nc6 11. Rb1 e6 12. h3 Re8 13. Re1 Rc8 14. Bf1 Na5 15. Ne5 Nh5 16. cxd5 exd5 17. Bb5 Re6 18. Ne2 Nc6 19. f4 Qh4 20. Bxc6 Bxc6 21. Bc1 Ng3 22. Nxg3 Qxg3 23. Be3 Bb5 24. Rc1 Ree8 25. Qd2 Qh4 26. a4 Bxe5 27. fxe5 Bd7 28. Bf2 Qh5 29. Qe3 Qf5 30. Bh4 Qh5 31. Bf6 g5 32. Bxg5 Qg6 33. h4 Bg4 34. Rf1 Qh5 35. Qg3 Be6 36. Qe3 Qg6 37. Bf6 h6 38. Rf3 Bg4 39. Rff1 Kh7 40. Rxc8 Rxc8 41. Rc1 Rc2 42. Rxc2 Qxc2 43. Qg3 1/2-1/2

[Event "Scarborough CC Falling Leaves"]
[Site "Toronto CAN"]
[Date "2017.12.07"]
[Round "6.3"]
[White "Palacios, Bobby"]
[Black "Manalo, Pepin"]
[Result "1-0"]
[WhiteElo "2015"]
[BlackElo "1870"]
[WhiteFideId "-1"]
[WhiteFideId "-1"]
[PlyCount "51"]
[GameId "2160767908317405"]
[EventDate "2017.11.02"]
[EventType "swiss"]
[EventRounds "7"]
[EventCountry "CAN"]
[SourceTitle "hb 2017"]

1. d4 e6 2. e4 d5 3. Nd2 Ne7 4. Bd3 dxe4 5. Nxe4 Nbc6 6. c3 b6 7. Nf3 Bb7 8. O-O Ng6 9. h4 Be7 10. h5 Nh4 11. Nxh4 Bxh4 12. Qg4 Qe7 13. Ng5 Bxg5 14. Bxg5 f6 15. Rfe1 Bc8 16. Bb5 Qd6 17. Bf4 Qd7 18. Qf3 Bb7 19. d5 O-O 20. dxc6 Qf7 21. cxb7 Rab8 22. Bc4 Rfe8 23. Qc6 Qxh5 24. Rxe6 Kh8 25. Rae1 Rxe6 26. Qxe6 1-0

[Event "Scarborough CC Falling Leaves"]
[Site "Toronto CAN"]
[Date "2017.12.07"]
[Round "6.4"]
[White "Uthayakumar, Ronan"]
[Black "Rusonik, Max"]
[Result "0-1"]
[WhiteElo "1812"]
[BlackElo "2005"]
[WhiteFideId "-1"]
[WhiteFideId "-1"]
[PlyCount "58"]
[GameId "2160767908317406"]
[EventDate "2017.11.02"]
[EventType "swiss"]
[EventRounds "7"]
[EventCountry "CAN"]
[SourceTitle "hb 2017"]

1. e4 e5 2. Nf3 Nc6 3. Bb5 f5 4. d3 fxe4 5. dxe4 Nf6 6. O-O Bc5 7. Bxc6 bxc6 8. Nxe5 O-O 9. Nc3 d6 10. Nd3 Bb6 11. Bg5 Qe8 12. Re1 Qg6 13. Be3 Ng4 14. Bxb6 axb6 15. f4 Ba6 16. h3 Nf6 17. Re3 Rae8 18. Qf3 d5 19. exd5 Rxe3 20. Qxe3 Nxd5 21. Nxd5 cxd5 22. Nb4 Bb7 23. Rd1 d4 24. Qb3+ Kh8 25. Rd2 Rxf4 26. Nd5 Re4 27. Kf1 Qf7+ 28. Rf2 Ba6+ 29. Qd3 Qe8 0-1

[Event "Scarborough CC Falling Leaves"]
[Site "Toronto CAN"]
[Date "2017.12.07"]
[Round "6.5"]
[White "Sharpe, Sam"]
[Black "Huang, Youhe"]
[Result "1-0"]
[WhiteElo "1921"]
[BlackElo "1807"]
[WhiteFideId "-1"]
[WhiteFideId "-1"]
[PlyCount "65"]
[GameId "2160767908317407"]
[EventDate "2017.11.02"]
[EventType "swiss"]
[EventRounds "7"]
[EventCountry "CAN"]
[SourceTitle "hb 2017"]

1. c4 e6 2. d4 Nf6 3. Nc3 Bb4 4. e3 b6 5. Nge2 Bb7 6. a3 Bxc3+ 7. Nxc3 d5 8. cxd5 Nxd5 9. Bb5+ c6 10. Bd3 O-O 11. Bd2 c5 12. dxc5 Qg5 13. Qc2 Nf6 14. O-O-O Qxc5 15. h4 Ba6 16. Bxa6 Nxa6 17. Qa4 Nc7 18. h5 Ncd5 19. Kb1 b5 20. Qh4 Qc4 21. Nxd5 Qxh4 22. Ne7+ Kh8 23. Rxh4 Rfe8 24. Nc6 a6 25. Ne5 Kg8 26. Bc3 Nd5 27. Ba5 f6 28. Nf3 Rac8 29. Rhh1 Rc4 30. Rd4 Rec8 31. Rxc4 bxc4 32. Rc1 Rc5 33. b4 1-0

[Event "Scarborough CC Falling Leaves"]
[Site "Toronto CAN"]
[Date "2017.12.07"]
[Round "6.6"]
[White "Ning, Eric"]
[Black "Sivapathasundaram, Manojh"]
[Result "1-0"]
[WhiteElo "1969"]
[BlackElo "1848"]
[WhiteFideId "-1"]
[WhiteFideId "-1"]
[PlyCount "99"]
[GameId "2160767908317408"]
[EventDate "2017.11.02"]
[EventType "swiss"]
[EventRounds "7"]
[EventCountry "CAN"]
[SourceTitle "hb 2017"]

1. d4 Nf6 2. c4 g6 3. Nc3 d5 4. cxd5 Nxd5 5. e4 Nxc3 6. bxc3 Bg7 7. Bc4 c5 8. Ne2 cxd4 9. cxd4 Nc6 10. Be3 Qa5+ 11. Bd2 Qc7 12. Rc1 Qb6 13. Bc3 O-O 14. O-O Rd8 15. d5 Ne5 16. Bb3 Bg4 17. h3 Bxe2 18. Qxe2 Rac8 19. Qd2 a6 20. Ba5 Bh6 21. Bxb6 Bxd2 22. Rcd1 Rd6 23. Bd4 Bf4 24. Bb2 Nc4 25. Bc1 Be5 26. f4 Bg7 27. e5 Rd7 28. Rf2 Na5 29. Rc2 Rcd8 30. Rcd2 Nxb3 31. axb3 g5 32. g3 Rc8 33. Rd3 e6 34. d6 Rc2 35. Be3 f5 36. R1d2 Rc1+ 37. Kg2 Kf7 38. Rb2 Rc6 39. Rdd2 Rd8 40. Rbc2 Ke8 41. Rxc6 bxc6 42. Bb6 Rd7 43. Rc2 Rb7 44. Rxc6 Kd7 45. Rc7+ Rxc7 46. Bxc7 Bh6 47. Kf3 Bg7 48. Ba5 h5 49. Bc3 h4 50. fxg5 1-0

[Event "Scarborough CC Falling Leaves"]
[Site "Toronto CAN"]
[Date "2017.12.07"]
[Round "6.7"]
[White "Feng, Richard"]
[Black "De Costa, Alex"]
[Result "1-0"]
[WhiteElo "1899"]
[BlackElo "1874"]
[WhiteFideId "-1"]
[WhiteFideId "-1"]
[PlyCount "47"]
[GameId "2160767908317409"]
[EventDate "2017.11.02"]
[EventType "swiss"]
[EventRounds "7"]
[EventCountry "CAN"]
[SourceTitle "hb 2017"]

1. e4 c5 2. Nf3 e6 3. d4 cxd4 4. Nxd4 a6 5. c4 Nf6 6. Nc3 Qc7 7. Be2 Bb4 8. Qd3 Nc6 9. f4 d6 10. O-O Nxd4 11. Bd1 Nc6 12. Qg3 O-O 13. e5 dxe5 14. fxe5 Qxe5 15. Bf4 Qc5+ 16. Be3 Qe7 17. Bg5 Bc5+ 18. Kh1 Bd4 19. Bc2 b6 20. Qh4 h6 21. Ne4 Bb7 22. Rxf6 Bxf6 23. Nxf6+ gxf6 24. Qxh6 1-0

[Event "Scarborough CC Falling Leaves"]
[Site "Toronto CAN"]
[Date "2017.12.07"]
[Round "6.8"]
[White "Ghazarian, Tigran"]
[Black "Cale, Ferdinand"]
[Result "1-0"]
[WhiteElo "1834"]
[BlackElo "1853"]
[WhiteFideId "-1"]
[WhiteFideId "-1"]
[PlyCount "156"]
[GameId "2160767908317410"]
[EventDate "2017.11.02"]
[EventType "swiss"]
[EventRounds "7"]
[EventCountry "CAN"]
[SourceTitle "hb 2017"]

1. e4 d6 2. d4 e6 3. Nc3 f6 4. Bd3 g6 5. f4 Bg7 6. Nf3 Ne7 7. O-O O-O 8. Be3 c6 9. Qd2 f5 10. e5 Nd5 11. Nxd5 exd5 12. c3 Re8 13. a4 b6 14. Rfe1 Bb7 15. Bf2 dxe5 16. fxe5 Bc8 17. Bh4 Qc7 18. Qf4 Be6 19. Bg5 Nd7 20. Qh4 Nf8 21. Bf4 Qe7 22. Bg5 Qd7 23. a5 Bf7 24. Bf6 Ne6 25. Bxg7 Kxg7 26. Qf6+ Kg8 27. Qh4 b5 28. b4 a6 29. Qg3 Kh8 30. Bc2 Qe7 31. Rad1 Rg8 32. Kh1 Rg7 33. Ng1 Qg5 34. Qxg5 Nxg5 35. Ne2 Re8 36. Nf4 Ne4 37. Bxe4 fxe4 38. Rf1 g5 39. Nh3 Be6 40. Ng1 Rf7 41. Rxf7 Bxf7 42. Rf1 Kg7 43. Ne2 Re6 44. Ng3 Bg6 45. Kg1 h6 46. Kf2 Re7 47. Ke3 Rf7 48. Re1 h5 49. Rh1 h4 50. Ne2 Bh5 51. Nc1 h3 52. Rg1 hxg2 53. Rxg2 Rf3+ 54. Kd2 g4 55. Nb3 Rh3 56. Nc5 e3+ 57. Ke1 e2 58. Rxe2 Rxc3 59. Nxa6 Kf7 60. Nc5 g3 61. Rg2 Rc1+ 62. Kd2 Rd1+ 63. Kc3 gxh2 64. Rxh2 Bg6 65. Rf2+ Ke7 66. Rf6 Rc1+ 67. Kb3 Rg1 68. Rxc6 Rg3+ 69. Kb2 Rg2+ 70. Kc1 Bh5 71. Rh6 Rg1+ 72. Kd2 Rg2+ 73. Ke1 Be8 74. a6 Ra2 75. a7 Rxa7 76. Rh7+ Bf7 77. e6 Kf6 78. Rxf7+ Rxf7 1-0

[Event "Scarborough CC Falling Leaves"]
[Site "Toronto CAN"]
[Date "2017.12.14"]
[Round "7.1"]
[White "Southam, David"]
[Black "Palacios, Bobby"]
[Result "0-1"]
[WhiteElo "2201"]
[BlackElo "2015"]
[WhiteFideId "-1"]
[WhiteFideId "-1"]
[PlyCount "70"]
[GameId "2160767908317411"]
[EventDate "2017.11.02"]
[EventType "swiss"]
[EventRounds "7"]
[EventCountry "CAN"]
[SourceTitle "hb 2017"]

1. d4 d5 2. e3 Nf6 3. Bd3 b6 4. Qe2 Bb7 5. Nf3 e6 6. O-O Be7 7. Nbd2 Ne4 8. Ne5 O-O 9. f3 Nxd2 10. Bxd2 f6 11. Ng4 Nd7 12. e4 Kh8 13. Rae1 Bd6 14. Ne3 c5 15. c3 Qc7 16. g3 Rae8 17. Qg2 c4 18. Bb1 dxe4 19. fxe4 f5 20. Qe2 fxe4 21. Qxc4 Rxf1+ 22. Qxf1 Rf8 23. Qe2 Rf3 24. Ng2 Nf6 25. Bg5 e3 26. Bxe3 Bxg3 27. d5 Bxh2+ 28. Kh1 Bxd5 29. c4 Bc6 30. Bd4 Rg3 31. Qe5 Qxe5 32. Bxe5 Rxg2 33. Be4 Bxe4 34. Rxe4 Nxe4 35. Kxg2 Bxe5 0-1

[Event "Scarborough CC Falling Leaves"]
[Site "Toronto CAN"]
[Date "2017.12.14"]
[Round "7.2"]
[White "Picana, Andrew"]
[Black "Lei, Sean"]
[Result "1/2-1/2"]
[WhiteElo "2089"]
[BlackElo "2111"]
[WhiteFideId "-1"]
[WhiteFideId "-1"]
[PlyCount "90"]
[GameId "2160767908317412"]
[EventDate "2017.11.02"]
[EventType "swiss"]
[EventRounds "7"]
[EventCountry "CAN"]
[SourceTitle "hb 2017"]

1. c4 Nf6 2. Nc3 d6 3. g3 g6 4. Bg2 Bg7 5. Nf3 O-O 6. O-O e5 7. d4 Nbd7 8. Qc2 c6 9. Rd1 Qc7 10. b3 Rd8 11. Ba3 Ne8 12. Rac1 Nf8 13. d5 c5 14. h3 a6 15. Rb1 b5 16. Bc1 Bd7 17. e4 Rdb8 18. Bg5 Rb7 19. Kh2 Rab8 20. cxb5 axb5 21. Bf1 b4 22. Ne2 Ra7 23. Nd2 Rba8 24. Nc1 Bc8 25. Nc4 Nd7 26. Be3 Nb6 27. Rb2 Nxc4 28. Bxc4 Qd7 29. Bf1 Nc7 30. g4 Ba6 31. Bg2 Nb5 32. Rh1 Bb7 33. Qd2 Nc3 34. f3 Ra3 35. Rf1 f5 36. Bg5 Ba6 37. Rg1 f4 38. Bh1 h6 39. Bh4 g5 40. Be1 Nb5 41. Rg2 Nd4 42. Rf2 Bc8 43. Bg2 Qa7 44. Bf1 h5 45. Be2 h4 1/2-1/2

[Event "Scarborough CC Falling Leaves"]
[Site "Toronto CAN"]
[Date "2017.12.14"]
[Round "7.3"]
[White "Yie, Kevin"]
[Black "Ning, Eric"]
[Result "1-0"]
[WhiteElo "2070"]
[BlackElo "1969"]
[WhiteFideId "-1"]
[WhiteFideId "-1"]
[PlyCount "97"]
[GameId "2160767908317413"]
[EventDate "2017.11.02"]
[EventType "swiss"]
[EventRounds "7"]
[EventCountry "CAN"]
[SourceTitle "EXT 2022"]
[Source "ChessBase"]
[SourceDate "2021.10.06"]
[SourceVersion "1"]
[SourceVersionDate "2021.10.06"]
[SourceQuality "1"]

1. d4 Nf6 2. Nf3 g6 3. Bf4 Bg7 4. e3 O-O 5. Be2 d5 6. O-O Ne4 7. Nbd2 Nd7 8. c4 c6 9. cxd5 cxd5 10. Nxe4 dxe4 11. Nd2 Nf6 12. Be5 Bf5 13. Qb3 Nd7 14. Bxg7 Kxg7 15. Rfd1 Nb6 16. a4 Qd7 17. Bb5 Qd6 18. a5 Nd5 19. Bc4 Nc7 20. h3 h5 21. Qa3 Qf6 22. Rac1 Rac8 23. Nf1 g5 24. Ng3 Bg6 25. Be2 Rh8 26. Qc5 g4 27. hxg4 hxg4 28. Qe5 e6 29. Qxf6+ Kxf6 30. Bxg4 Nd5 31. Be2 Ke7 32. Bc4 Kd6 33. Kf1 f5 34. Bxd5 Kxd5 35. Ke1 Rc6 36. Kd2 Rhc8 37. Rxc6 Rxc6 38. Ne2 Bh5 39. Nf4+ Kc4 40. Rc1+ Kb3 41. Rxc6 bxc6 42. Nxh5 Kxb2 43. Ng7 Kb3 44. Nxe6 Kc4 45. a6 Kb5 46. Nc5 Kc4 47. f3 exf3 48. gxf3 Kd5 49. Kd3 1-0

[Event "Scarborough CC Falling Leaves"]
[Site "Toronto CAN"]
[Date "2017.12.14"]
[Round "7.4"]
[White "Zheng, Kevin"]
[Black "Sharpe, Sam"]
[Result "1-0"]
[WhiteElo "1980"]
[BlackElo "1921"]
[WhiteFideId "-1"]
[WhiteFideId "-1"]
[PlyCount "87"]
[GameId "2160767908317414"]
[EventDate "2017.11.02"]
[EventType "swiss"]
[EventRounds "7"]
[EventCountry "CAN"]
[SourceTitle "hb 2017"]

1. d4 d5 2. c4 c6 3. e3 Nf6 4. Nf3 e6 5. Nbd2 Bd6 6. b3 Nbd7 7. Bb2 O-O 8. Bd3 Re8 9. Ne5 Qc7 10. f4 b6 11. O-O Bb7 12. Rc1 Rac8 13. Qf3 c5 14. Qh3 Ne4 15. Ndf3 f6 16. Ng4 f5 17. Nge5 Ndf6 18. cxd5 Bxd5 19. Bxe4 Nxe4 20. g4 Rf8 21. Rc2 Qb7 22. Nh4 cxd4 23. Rxc8 Rxc8 24. Bxd4 Rc2 25. gxf5 Nd2 26. Rd1 Bxe5 27. Bxe5 exf5 28. Qxf5 Qc6 29. Qg5 Qg6 30. Qxg6 hxg6 31. Bc3 Nf3+ 32. Nxf3 Bxf3 33. Rd8+ Kf7 34. Be5 Rxa2 35. Rd7+ Ke6 36. Rxg7 Kf5 37. Bd4 Bh5 38. Rf7+ Ke4 39. h3 b5 40. Rf6 a5 41. Kf1 a4 42. b4 Rc2 43. Rb6 Kf3 44. Ke1 1-0

[Event "Scarborough CC Falling Leaves"]
[Site "Toronto CAN"]
[Date "2017.12.14"]
[Round "7.5"]
[White "Manalo, Pepin"]
[Black "Huang, Youhe"]
[Result "1-0"]
[WhiteElo "1870"]
[BlackElo "1807"]
[WhiteFideId "-1"]
[WhiteFideId "-1"]
[PlyCount "85"]
[GameId "2160767908317415"]
[EventDate "2017.11.02"]
[EventType "swiss"]
[EventRounds "7"]
[EventCountry "CAN"]
[SourceTitle "hb 2017"]

1. d4 Nf6 2. Nf3 g6 3. Bf4 Bg7 4. h3 d6 5. e3 Nbd7 6. Bd3 e6 7. Nbd2 Qe7 8. O-O e5 9. Bg5 h6 10. Bxf6 Nxf6 11. Bb5+ c6 12. dxe5 dxe5 13. Bc4 g5 14. Nh2 h5 15. c3 g4 16. h4 Nd7 17. g3 e4 18. Qc2 f5 19. Rfd1 Ne5 20. Qb3 b5 21. Be2 Be6 22. Qc2 Bf6 23. a4 Bxh4 24. Nxe4 Bd5 25. Nd6+ Qxd6 26. gxh4 Nf3+ 27. Bxf3 gxf3 28. Nxf3 Rg8+ 29. Ng5 Qf6 30. f4 b4 31. cxb4 Qe7 32. Kf2 Qf6 33. b5 Be4 34. Qe2 Qg6 35. Rd2 c5 36. Rad1 Rc8 37. Rd6 Qg7 38. Qxh5+ Kf8 39. Ne6+ Ke7 40. Nxg7 Rxg7 41. Rd7+ Kf8 42. Qh8+ Rg8 43. Qf6+ 1-0

[Event "Scarborough CC Falling Leaves"]
[Site "Toronto CAN"]
[Date "2017.12.14"]
[Round "7.6"]
[White "Hay, Jonathan"]
[Black "Cale, Ferdinand"]
[Result "1-0"]
[WhiteElo "1943"]
[BlackElo "1853"]
[WhiteFideId "-1"]
[WhiteFideId "-1"]
[PlyCount "79"]
[GameId "2160767908317416"]
[EventDate "2017.11.02"]
[EventType "swiss"]
[EventRounds "7"]
[EventCountry "CAN"]
[SourceTitle "hb 2017"]

1. d4 e6 2. Bf4 d6 3. e4 f6 4. Nc3 g6 5. Nf3 Bg7 6. Qd2 Ne7 7. Bh6 O-O 8. Bd3 e5 9. O-O-O Bg4 10. d5 Bxf3 11. gxf3 g5 12. Bxg7 Kxg7 13. Rdg1 Ng6 14. h4 h6 15. Ne2 Rh8 16. f4 exf4 17. Nxf4 Nxf4 18. Qxf4 Nd7 19. Qf5 Ne5 20. f4 Nf3 21. Rg3 Nd4 22. Qg4 h5 23. Qd1 g4 24. Bf1 c5 25. c3 Nf5 26. exf5 Qd7 27. Bd3 Rae8 28. Re1 c4 29. Bc2 Re7 30. Rge3 Rxe3 31. Rxe3 Re8 32. Re6 Kf7 33. Qd4 Qd8 34. Qxa7 Qc7 35. Qd4 Rxe6 36. fxe6+ Ke7 37. Qe4 Kd8 38. Qh7 g3 39. Qg8+ Ke7 40. Qf7+ 1-0

[Event "Scarborough CC Howard Ridout"]
[Site "Toronto CAN"]
[Date "2017.09.14"]
[Round "1.1"]
[White "Southam, David"]
[Black "Noorali, Aahil"]
[Result "1/2-1/2"]
[WhiteElo "2214"]
[BlackElo "2003"]
[WhiteFideId "-1"]
[WhiteFideId "-1"]
[PlyCount "156"]
[GameId "2160767908330313"]
[EventDate "2017.09.14"]
[EventType "swiss"]
[EventRounds "7"]
[EventCountry "CAN"]
[SourceTitle "hb 2017"]

1. d4 Nf6 2. c4 e6 3. Nc3 d5 4. cxd5 exd5 5. Bg5 Nbd7 6. e3 Be7 7. Bd3 O-O 8. Qc2 c6 9. Nge2 Re8 10. O-O Ne4 11. Bf4 Nxc3 12. bxc3 Nf6 13. f3 c5 14. Bg5 h6 15. Bh4 c4 16. Bf5 Bxf5 17. Qxf5 Qd7 18. Qc2 Nh5 19. Bf2 Bg5 20. e4 Nf4 21. Nxf4 Bxf4 22. g3 Bd6 23. e5 Bf8 24. f4 g6 25. Be3 Qf5 26. Qxf5 gxf5 27. Rab1 Rab8 28. Rb5 Red8 29. Rfb1 Rd7 30. Ra5 b6 31. Rab5 Be7 32. Kf2 Bd8 33. Kf3 a6 34. R5b2 Kg7 35. g4 Kg6 36. Rg2 b5 37. gxf5+ Kxf5 38. Rg8 Bc7 39. Rbg1 Rxg8 40. Rxg8 Rd8 41. Rg7 Rd7 42. Rg3 f6 43. Rh3 Rh7 44. Rg3 Ba5 45. Bd2 Bb6 46. a3 a5 47. Rg8 Re7 48. Rf8 Re6 49. Be3 Kg6 50. Kg4 h5+ 51. Kf3 Rc6 52. Rb8 b4 53. axb4 axb4 54. cxb4 c3 55. b5 Bc7 56. Rc8 Rc4 57. b6 Bxb6 58. Rxc4 dxc4 59. d5 c2 60. Bc1 fxe5 61. fxe5 Kf5 62. e6 Bc5 63. Ke2 Be7 64. Kd2 Ke5 65. Kxc2 Kxd5 66. Kd1 Kxe6 67. Ke2 Kf5 68. Kf3 Bg5 69. Bb2 Bd2 70. Bd4 Bf4 71. h3 Be5 72. Be3 Bb2 73. Bd2 Ba1 74. Be1 Kg5 75. Kg2 Kf4 76. Kf2 Bd4+ 77. Kg2 Ke3 78. Kg3 Ke2 1/2-1/2

[Event "Scarborough CC Howard Ridout"]
[Site "Toronto CAN"]
[Date "2017.09.14"]
[Round "1.2"]
[White "Sharpe, Sam"]
[Black "Zhao, Harry"]
[Result "0-1"]
[WhiteElo "1954"]
[BlackElo "2170"]
[WhiteFideId "-1"]
[WhiteFideId "-1"]
[PlyCount "74"]
[GameId "2160767908330314"]
[EventDate "2017.09.14"]
[EventType "swiss"]
[EventRounds "7"]
[EventCountry "CAN"]
[SourceTitle "hb 2017"]

1. e4 e6 2. d4 d5 3. e5 c5 4. c3 Nc6 5. Nf3 Qb6 6. a3 Nh6 7. b4 cxd4 8. cxd4 Nf5 9. Bb2 Bd7 10. Be2 Be7 11. O-O Rc8 12. Kh1 h5 13. Bc3 g5 14. b5 Na5 15. a4 Nc4 16. Bxc4 Rxc4 17. Nfd2 Rxd4 18. Bxd4 Qxd4 19. Nb3 Qxe5 20. Ra2 Bd6 21. g3 Qe4+ 22. f3 Qb4 23. Re2 d4 24. Re4 Qxa4 25. Nxd4 Qxd1 26. Rxd1 Be7 27. Nc3 Nd6 28. Re2 O-O 29. Ra2 Ra8 30. Rda1 Bf6 31. Rd1 Rc8 32. Ne4 Nxe4 33. fxe4 Rc4 34. Nc6 Bxc6 35. bxc6 bxc6 36. Rxa7 Bd4 37. Rf1 Bxa7 0-1

[Event "Scarborough CC Howard Ridout"]
[Site "Toronto CAN"]
[Date "2017.09.14"]
[Round "1.3"]
[White "Li, William"]
[Black "Hay, Jonathan"]
[Result "1-0"]
[WhiteElo "2054"]
[BlackElo "1710"]
[WhiteFideId "-1"]
[WhiteFideId "-1"]
[PlyCount "81"]
[GameId "2160767908330315"]
[EventDate "2017.09.14"]
[EventType "swiss"]
[EventRounds "7"]
[EventCountry "CAN"]
[SourceTitle "hb 2017"]

1. e4 c6 2. d4 d5 3. Nc3 dxe4 4. Nxe4 Bf5 5. Ng3 Bg6 6. Nf3 Nd7 7. h4 h6 8. h5 Bh7 9. Bd3 Bxd3 10. Qxd3 e6 11. Bf4 Qa5+ 12. Bd2 Bb4 13. c3 Be7 14. c4 Qc7 15. O-O-O Ngf6 16. Ne4 b5 17. Nxf6+ Nxf6 18. cxb5 cxb5+ 19. Kb1 O-O 20. Ne5 Rfd8 21. Bf4 Nd5 22. Bh2 Qb6 23. f4 Nb4 24. Qf3 Rac8 25. Bg1 Rd5 26. Bf2 Bf6 27. Rc1 Rcd8 28. Qc3 Bxe5 29. fxe5 Na6 30. g4 b4 31. Qg3 b3 32. a3 Nc7 33. g5 hxg5 34. h6 g6 35. h7+ Kh8 36. Qxg5 Ne8 37. Bh4 Qb7 38. Qf6+ Ng7 39. Qxg7+ Kxg7 40. Bf6+ Kf8 41. h8=Q# 1-0

[Event "Scarborough CC Howard Ridout"]
[Site "Toronto CAN"]
[Date "2017.09.14"]
[Round "1.4"]
[White "Ghazarian, Tigran"]
[Black "Tonakanian, Stephan"]
[Result "0-1"]
[WhiteElo "1707"]
[BlackElo "2127"]
[WhiteFideId "-1"]
[WhiteFideId "-1"]
[PlyCount "76"]
[GameId "2160767908330316"]
[EventDate "2017.09.14"]
[EventType "swiss"]
[EventRounds "7"]
[EventCountry "CAN"]
[SourceTitle "hb 2017"]

1. e4 e6 2. d4 b6 3. Nc3 Bb7 4. Bd3 Nf6 5. a3 d5 6. e5 Nfd7 7. f4 c5 8. Nf3 Nc6 9. Be3 Be7 10. O-O g6 11. g4 a6 12. Kh1 Qc7 13. Qe1 O-O-O 14. Na2 cxd4 15. Nxd4 h5 16. g5 Bc5 17. c3 h4 18. b4 Bxd4 19. cxd4 Kb8 20. Qe2 Ka7 21. b5 axb5 22. Bxb5 Na5 23. Rfc1 Nc4 24. Nb4 Ra8 25. Kg1 Rhc8 26. Rc3 Kb8 27. Rac1 Qd8 28. Bf2 Rxa3 29. Bxc4 Rxc3 30. Rxc3 dxc4 31. Rxc4 h3 32. Qc2 Rxc4 33. Qxc4 Qc7 34. Qf1 Qc3 35. Qb5 Qc1+ 36. Qf1 Qc3 37. Qb5 Qf3 38. Qf1 Qh1# 0-1

[Event "Scarborough CC Howard Ridout"]
[Site "Toronto CAN"]
[Date "2017.09.14"]
[Round "1.5"]
[White "Lei, Sean"]
[Black "Qiao, Cindy"]
[Result "0-1"]
[WhiteElo "2117"]
[BlackElo "1887"]
[WhiteFideId "-1"]
[WhiteFideId "-1"]
[PlyCount "74"]
[GameId "2160767908330317"]
[EventDate "2017.09.14"]
[EventType "swiss"]
[EventRounds "7"]
[EventCountry "CAN"]
[SourceTitle "hb 2017"]

1. e4 c5 2. Nf3 d6 3. c3 Nf6 4. Be2 Nc6 5. d4 cxd4 6. cxd4 Nd7 7. d5 Nce5 8. Nd4 Nf6 9. Nc3 g6 10. f4 Ned7 11. Qa4 Qc7 12. Ncb5 Qb8 13. Qc2 Nc5 14. b4 Na6 15. O-O Bg7 16. Rb1 O-O 17. h3 Bd7 18. Be3 Rc8 19. Qd3 Nc7 20. Nc3 Na6 21. e5 dxe5 22. fxe5 Rxc3 23. Qxc3 Nxd5 24. Qd2 Qxe5 25. Bf2 Nac7 26. Bf3 e6 27. Rfe1 Qf6 28. Rec1 Qd8 29. Nb3 Bb5 30. Bg3 Bc6 31. Na5 Qd7 32. Nxc6 bxc6 33. Bxc7 Qxc7 34. Bxd5 Qb6+ 35. Rc5 cxd5 36. Kh1 Rb8 37. a3 Qxc5 0-1

[Event "Scarborough CC Howard Ridout"]
[Site "Toronto CAN"]
[Date "2017.09.14"]
[Round "1.6"]
[White "Zheng, Kevin"]
[Black "Yie, Kevin"]
[Result "0-1"]
[WhiteElo "1884"]
[BlackElo "2089"]
[WhiteFideId "-1"]
[WhiteFideId "-1"]
[PlyCount "114"]
[GameId "2160767908330318"]
[EventDate "2017.09.14"]
[EventType "swiss"]
[EventRounds "7"]
[EventCountry "CAN"]
[SourceTitle "EXT 2022"]
[Source "ChessBase"]
[SourceDate "2021.10.06"]
[SourceVersion "1"]
[SourceVersionDate "2021.10.06"]
[SourceQuality "1"]

1. d4 d5 2. c4 e6 3. Nc3 c6 4. e3 Nf6 5. Nf3 Nbd7 6. b3 Bb4 7. Qc2 Ne4 8. Bd2 Nxd2 9. Nxd2 Nf6 10. Bd3 dxc4 11. bxc4 c5 12. dxc5 Bxc5 13. Nb3 Be7 14. Rd1 Bd7 15. c5 O-O 16. Ne4 Nd5 17. Nd6 g6 18. Qd2 b6 19. Rc1 bxc5 20. Nb7 Qb6 21. N7xc5 Rfd8 22. O-O Bc6 23. a3 Rac8 24. e4 Nf6 25. Qb4 Ba8 26. Rc3 Qxb4 27. axb4 Nxe4 28. Bxe4 Bxe4 29. Nxe4 Rxc3 30. Nxc3 Rd3 31. Nb5 Rxb3 32. Nxa7 Bxb4 33. h4 Be7 34. g3 Bc5 35. Nc6 Rxg3+ 36. Kh2 Rf3 37. Kg2 Rf4 38. Kg3 Bd6 39. Kh3 Rc4 40. Na5 Rc3+ 41. Kg2 Bb4 42. Ra1 Bxa5 43. Rxa5 h5 44. Ra7 Kg7 45. Rb7 Kf6 46. Ra7 e5 47. f3 Ke6 48. Ra6+ Kf5 49. Ra7 f6 50. Rf7 g5 51. hxg5 Kxg5 52. Rf8 f5 53. Ra8 Rd3 54. Ra4 Rd4 55. Ra5 Kf4 56. Ra3 Rd2+ 57. Kf1 h4 0-1